[Event "Oranjestad Aruba Challenge op"]
[Site "Oranjestad"]
[Date "2016.10.09"]
[Round "7.7"]
[White "Maduro, Sherman"]
[Black "Arbona Avila, Zaily M"]
[Result "1-0"]
[WhiteElo "2013"]
[BlackElo "1533"]
[PlyCount "53"]
[EventDate "2016.10.06"]
[EventType "swiss"]
[EventRounds "7"]
[EventCountry "ARN"]
[SourceTitle "EXT 2024"]
[Source "ChessBase"]
[SourceDate "2023.10.10"]
[SourceVersion "1"]
[SourceVersionDate "2023.10.10"]
[SourceQuality "1"]

1. g3 g6 2. Bg2 Bg7 3. e4 d6 4. Ne2 Nf6 5. 0-0 0-0 6. d4 e5 7. Nbc3 Nc6 8. dxe5 dxe5 9. Bg5 Qxd1 10. Rfxd1 Ne7 11. Rd2 c6 12. Rad1 Be6 13. f4 h6 14. Bh4 exf4 15. gxf4 Kh7 16. Nd4 Bg4 17. Bf3 Bxf3 18. Nxf3 Rae8 19. Bxf6 Bxf6 20. e5 Bg7 21. Rd7 f6 22. exf6 Rxf6 23. Re1 Bf8 24. Rxb7 Rxf4 25. Kg2 Kg8 26. Re6 Ra8 27. Ne5 1-0

[Event "Oranjestad Aruba Challenge op"]
[Site "Oranjestad"]
[Date "2016.10.07"]
[Round "2.3"]
[White "Mora Moron, Jose Ramon"]
[Black "Maduro, Sherman"]
[Result "1-0"]
[WhiteElo "2190"]
[BlackElo "2013"]
[PlyCount "87"]
[EventDate "2016.10.06"]
[EventType "swiss"]
[EventRounds "7"]
[EventCountry "ARN"]
[SourceTitle "EXT 2024"]
[Source "ChessBase"]
[SourceDate "2023.10.10"]
[SourceVersion "1"]
[SourceVersionDate "2023.10.10"]
[SourceQuality "1"]

1. e4 c6 2. d4 d5 3. exd5 cxd5 4. c4 Nc6 5. Nc3 e6 6. Nf3 Bb4 7. Bd3 Nf6 8. 0-0 0-0 9. Re1 h6 10. a3 dxc4 11. Bxc4 Bxc3 12. bxc3 a6 13. a4 Qc7 14. Bd3 Rd8 15. Qe2 b6 16. Ne5 Bb7 17. Ng4 Nd5 18. Qe4 g6 19. Nxh6+ Kg7 20. Qg4 Nf6 21. Qg5 Rd5 22. Qg3 Qxg3 23. hxg3 Rh8 24. g4 g5 25. f4 Rxh6 26. fxg5 Rh4 27. gxf6+ Kxf6 28. c4 Rxd4 29. Bb2 e5 30. Bxd4 Nxd4 31. Rab1 b5 32. cxb5 Rxg4 33. Rf1+ Ke7 34. Rb2 axb5 35. Bxb5 Nf3+ 36. Kf2 Nh4 37. g3 Bd5 38. Be2 Rxa4 39. gxh4 Rxh4 40. Rb6 Rh2+ 41. Ke1 Rxe2+ 42. Kxe2 Bc4+ 43. Kf2 Bxf1 44. Kxf1 1-0

[Event "Olympiad-41"]
[Site "Tromsoe"]
[Date "2014.08.10"]
[Round "8.2"]
[White "Maduro, Sherman"]
[Black "Domingos, Catarino"]
[Result "0-1"]
[WhiteElo "1993"]
[BlackElo "2280"]
[PlyCount "132"]
[EventDate "2014.08.02"]
[EventType "team-swiss"]
[EventRounds "11"]
[EventCountry "NOR"]
[SourceTitle "CBM 162"]
[Source "ChessBase"]
[SourceDate "2014.09.17"]
[SourceVersion "1"]
[SourceVersionDate "2014.09.17"]
[SourceQuality "1"]
[WhiteTeam "Netherlands Antilles"]
[BlackTeam "Angola"]
[WhiteTeamCountry "AHO"]
[BlackTeamCountry "ANG"]

1. d4 Nf6 2. c4 e6 3. Nf3 b6 4. g3 Ba6 5. Qc2 Bb7 6. Nc3 c5 7. dxc5 Bxc5 8. Bg2 0-0 9. 0-0 Be7 10. Rd1 Qc8 11. b3 a6 12. Bb2 Qc7 13. Rac1 d6 14. e4 Nbd7 15. Qe2 Rac8 16. Re1 Rfd8 17. Nd2 Bf8 18. Nd1 Qb8 19. Ne3 Qa8 20. Ng4 Nxg4 21. Qxg4 e5 22. Bh3 Rc7 23. Qe2 Nc5 24. f3 g6 25. Nb1 Ne6 26. Qf2 Bh6 27. Rc2 b5 28. Bxe6 fxe6 29. Bc1 Bf8 30. Be3 Rdc8 31. Rec1 bxc4 32. bxc4 Bc6 33. Nd2 Be8 34. Rb1 Rb7 35. Rcb2 Rxb2 36. Rxb2 Qc6 37. Qe1 Qa4 38. Qb1 Qd7 39. Rb7 Qd8 40. Qb6 Qxb6 41. Rxb6 a5 42. Ra6 a4 43. Kf2 Rc7 44. Ra8 Kf7 45. Ra7 Rxa7 46. Bxa7 Ke7 47. Ke2 Kd7 48. Kd3 Kc6 49. Nb1 d5 50. cxd5+ exd5 51. exd5+ Kxd5 52. Nc3+ Ke6 53. Bb8 g5 54. g4 Be7 55. Ba7 Bc6 56. Ke3 h6 57. Bb6 Bb4 58. Ne4 Kd5 59. Bc7 a3 60. Nf6+ Ke6 61. Ne4 Bd5 62. Bb6 Bxa2 63. Nc5+ Kd5 64. Nd3 Bd6 65. Ba5 Bb1 66. Nb4+ Kc4 0-1

[Event "Olympiad-40"]
[Site "Istanbul"]
[Date "2012.09.09"]
[Round "11.4"]
[White "Baek, Wongi"]
[Black "Maduro, Sherman"]
[Result "1/2-1/2"]
[WhiteElo "1719"]
[BlackElo "2030"]
[PlyCount "81"]
[EventDate "2012.08.28"]
[EventType "team-swiss"]
[EventRounds "11"]
[EventCountry "TUR"]
[SourceTitle "CBM 151"]
[Source "ChessBase"]
[SourceDate "2012.11.13"]
[SourceVersion "1"]
[SourceVersionDate "2012.11.13"]
[SourceQuality "1"]
[WhiteTeam "South Korea"]
[BlackTeam "Netherlands Antilles"]
[WhiteTeamCountry "KOR"]
[BlackTeamCountry "AHO"]

1. e4 d6 2. d4 Nf6 3. Nc3 g6 4. Be2 Bg7 5. Nf3 0-0 6. 0-0 Nc6 7. h3 e5 8. Be3 Kh8 9. Qd2 Ng8 10. dxe5 Nxe5 11. Nxe5 dxe5 12. Rad1 Be6 13. Qxd8 Rfxd8 14. Rxd8 Rxd8 15. Rd1 Rxd1+ 16. Bxd1 a6 17. Be2 Nf6 18. f3 Bf8 19. a3 Kg7 20. Nb1 Nd7 21. Nd2 Be7 22. Bc4 Kf6 23. Kf2 h5 24. h4 Bxc4 25. Bg5+ Ke6 26. Bxe7 Bb5 27. Bg5 Bc6 28. Bd8 Kd6 29. Nc4+ Kc5 30. b3 b5 31. Be7+ Kd4 32. Ne3 Kc3 33. Bb4+ Kb2 34. Ke2 Bb7 35. Kd2 c5 36. Nd1+ Ka2 37. Nc3+ Kb2 38. Nd1+ Ka2 39. Nc3+ Kb2 40. Nd1+ Ka2 41. Nc3+ 1/2-1/2

[Event "Olympiad-40"]
[Site "Istanbul"]
[Date "2012.09.06"]
[Round "9.4"]
[White "Montanez Nazario, Robert"]
[Black "Maduro, Sherman"]
[Result "1-0"]
[WhiteElo "2144"]
[BlackElo "2030"]
[PlyCount "99"]
[EventDate "2012.08.28"]
[EventType "team-swiss"]
[EventRounds "11"]
[EventCountry "TUR"]
[SourceTitle "CBM 151"]
[Source "ChessBase"]
[SourceDate "2012.11.13"]
[SourceVersion "1"]
[SourceVersionDate "2012.11.13"]
[SourceQuality "1"]
[WhiteTeam "Puerto Rico"]
[BlackTeam "Netherlands Antilles"]
[WhiteTeamCountry "PUR"]
[BlackTeamCountry "AHO"]

1. Nf3 Nf6 2. g3 c5 3. Bg2 d5 4. 0-0 Nc6 5. d4 Bg4 6. Ne5 cxd4 7. Nxg4 Nxg4 8. e3 Nf6 9. exd4 Qb6 10. c3 e6 11. Nd2 Be7 12. Qe2 0-0 13. Nf3 Ne4 14. Ne5 Nxe5 15. Bxe4 dxe4 16. dxe5 Rfd8 17. Qxe4 Rd7 18. b4 Qc7 19. Qe1 Rad8 20. Be3 b6 21. f4 Qc4 22. a3 f6 23. Bd4 f5 24. Qf2 b5 25. Rfb1 a6 26. Qf1 Qc6 27. Qg2 Qc4 28. Qa2 Qd3 29. Qxe6+ Kf8 30. Rd1 Qc2 31. Qxa6 Rd5 32. Rac1 Qe4 33. Re1 Qf3 34. Re3 Qg4 35. e6 g5 36. Rf1 gxf4 37. Rxf4 Qd1+ 38. Rf1 Qd2 39. Ref3 Rxd4 40. Rxf5+ Kg8 41. cxd4 Qxd4+ 42. R1f2 Qe3 43. Rxb5 Rf8 44. Qb6 Qe1+ 45. Kg2 Qe4+ 46. Kh3 Rxf2 47. Qxf2 Qxe6+ 48. Qf5 Qh6+ 49. Kg4 Qg7+ 50. Kh5 1-0

[Event "Curacao op 11th"]
[Site "Curacao"]
[Date "2011.07.30"]
[Round "8"]
[White "De Mey, Juan Pablo"]
[Black "Maduro, Sherman"]
[Result "1/2-1/2"]
[WhiteElo "1905"]
[BlackElo "2033"]
[PlyCount "22"]
[EventDate "2011.07.22"]
[EventType "swiss"]
[EventRounds "9"]
[EventCountry "AHO"]
[SourceTitle "EXT 2012"]
[Source "ChessBase"]
[SourceDate "2011.11.24"]
[SourceVersion "1"]
[SourceVersionDate "2011.11.24"]
[SourceQuality "1"]

1. e4 e5 2. Nf3 Nc6 3. d4 exd4 4. Bc4 Be7 5. 0-0 d6 6. h3 Nf6 7. Re1 Ne5 8. Nxe5 dxe5 9. f4 Bd6 10. fxe5 Bxe5 11. Nd2 0-0 1/2-1/2

[Event "Olympiad-39"]
[Site "Khanty-Mansiysk"]
[Date "2010.09.27"]
[Round "6.2"]
[White "Nakapunda, Otto"]
[Black "Maduro, Sherman"]
[Result "1/2-1/2"]
[WhiteElo "2073"]
[BlackElo "2009"]
[PlyCount "76"]
[EventDate "2010.09.21"]
[EventType "team-swiss"]
[EventRounds "11"]
[EventCountry "RUS"]
[SourceTitle "CBM 139"]
[Source "ChessBase"]
[SourceDate "2010.11.18"]
[SourceVersion "1"]
[SourceVersionDate "2010.11.18"]
[SourceQuality "1"]
[WhiteTeam "Namibia"]
[BlackTeam "Netherlands Antilles"]
[WhiteTeamCountry "NAM"]
[BlackTeamCountry "AHO"]

1. d4 Nf6 2. Nf3 b6 3. g3 Bb7 4. Bg2 e6 5. 0-0 Be7 6. c4 0-0 7. Nc3 d5 8. b3 Nbd7 9. Bb2 Bb4 10. Qc2 Bxc3 11. Bxc3 Ne4 12. Bb2 Rc8 13. Rfd1 Qf6 14. Rac1 c6 15. e3 Qh6 16. Ne5 Ndf6 17. Qe2 Ba6 18. f3 Nd6 19. Qf2 Bb7 20. Re1 Rfd8 21. Rc2 Nd7 22. e4 dxc4 23. Bc1 g5 24. Nxc4 Nxc4 25. bxc4 Qg6 26. Qe3 h6 27. Rf2 c5 28. d5 Ba6 29. Qc3 Qg7 30. Qc2 Qd4 31. Bf1 Ne5 32. Rd1 Nxf3+ 33. Kg2 g4 34. Rxd4 Ne1+ 35. Kg1 Nxc2 36. Rd1 Nd4 37. Bxh6 Nf3+ 38. Kg2 Ne5 1/2-1/2

[Event "Olympiad-38"]
[Site "Dresden"]
[Date "2008.11.14"]
[Round "2"]
[White "Chung, Soonhun"]
[Black "Maduro, Sherman"]
[Result "1/2-1/2"]
[WhiteElo "1828"]
[BlackElo "2048"]
[PlyCount "130"]
[EventDate "2008.11.13"]
[EventType "team-swiss"]
[EventRounds "11"]
[EventCountry "GER"]
[SourceTitle "CBM 128"]
[Source "ChessBase"]
[SourceDate "2009.01.28"]
[SourceVersion "1"]
[SourceVersionDate "2009.01.28"]
[SourceQuality "1"]
[WhiteTeam "South Korea"]
[BlackTeam "Netherlands Antilles"]
[WhiteTeamCountry "KOR"]
[BlackTeamCountry "AHO"]

1. e4 e5 2. Nf3 Nc6 3. d4 exd4 4. Nxd4 Bc5 5. Be3 Bxd4 6. Bxd4 Nxd4 7. Qxd4 Qf6 8. e5 Qb6 9. Qxb6 axb6 10. Nc3 Ne7 11. Nb5 Ra4 12. Bd3 Nd5 13. b3 Ra5 14. 0-0 0-0 15. a4 Nf4 16. b4 Ra8 17. Nxc7 Rb8 18. g3 Nxd3 19. cxd3 d6 20. exd6 Bh3 21. Rfe1 Rfd8 22. Nb5 Bd7 23. Re7 Bxb5 24. axb5 Kf8 25. Ra7 Rxd6 26. Rexb7 Rxb7 27. Rxb7 Rxd3 28. Rxb6 Rb3 29. Rb8+ Ke7 30. b6 Rxb4 31. Kf1 Rb2 32. Ke1 h5 33. h4 g6 34. f3 Kf6 35. g4 Rb4 36. gxh5 gxh5 37. Rh8 Kg7 38. Rxh5 Rxb6 39. Kf2 Rb2+ 40. Kg3 Rb4 41. Rg5+ Kh6 42. Rg4 Rb3 43. Rf4 Kg7 44. Kg4 Rb1 45. Rf5 Rg1+ 46. Kh5 Rh1 47. Rg5+ Kf6 48. Kg4 Rg1+ 49. Kf4 Rh1 50. Rg4 Rh3 51. Ke3 Rh2 52. Rb4 Kf5 53. Ra4 Kf6 54. Ra6+ Kg7 55. Ra4 Kf6 56. Rf4+ Kg6 57. Ke4 Re2+ 58. Kd5 Ra2 59. h5+ Kxh5 60. Rxf7 Kg6 61. Rf8 Re2 62. Rf4 Kg5 63. Re4 Rf2 64. Rg4+ Kf5 65. Rg8 Rxf3 1/2-1/2

[Event "Olympiad-38"]
[Site "Dresden"]
[Date "2008.11.13"]
[Round "1"]
[White "Maduro, Sherman"]
[Black "Galvez Dastin, Eduardo Francisco"]
[Result "0-1"]
[WhiteElo "2048"]
[BlackElo "2178"]
[PlyCount "90"]
[EventDate "2008.11.13"]
[EventType "team-swiss"]
[EventRounds "11"]
[EventCountry "GER"]
[SourceTitle "CBM 128"]
[Source "ChessBase"]
[SourceDate "2009.01.28"]
[SourceVersion "1"]
[SourceVersionDate "2009.01.28"]
[SourceQuality "1"]
[WhiteTeam "Netherlands Antilles"]
[BlackTeam "Guatemala"]
[WhiteTeamCountry "AHO"]
[BlackTeamCountry "GUA"]

1. e4 c6 2. d4 d5 3. Nc3 dxe4 4. Nxe4 Bf5 5. Ng3 Bg6 6. Nf3 Nf6 7. h4 Nh5 8. Nxh5 Bxh5 9. Be2 e6 10. Be3 Be7 11. Ne5 Bxe2 12. Qxe2 Nd7 13. Nf3 Qa5+ 14. c3 Nb6 15. Bf4 Nd5 16. Bd2 Qb5 17. c4 Qxb2 18. 0-0 Nb6 19. Qd3 Qa3 20. Qe2 Qa6 21. Rfc1 Rc8 22. Ne5 Bf6 23. Qg4 h5 24. Qe4 Nd7 25. Bf4 Bxe5 26. Bxe5 f5 27. Qe2 Kf7 28. Qe3 Nf6 29. Qg5 Qa3 30. c5 b5 31. Rab1 Rcg8 32. Rb3 Qxa2 33. Rg3 Rh6 34. Bxf6 Rxf6 35. Qf4 Rc8 36. Qd6 Qd5 37. Ra1 Qxd6 38. cxd6 Rg6 39. Rxa7+ Kf6 40. Rc3 Rg4 41. d7 Rd8 42. Rxc6 Rxd4 43. Raa6 Re4 44. Rab6 Rxd7 45. Rxe6+ Rxe6 0-1

[Event "Olympiad-37"]
[Site "Turin"]
[Date "2006.05.21"]
[Round "1"]
[White "Maduro, Sherman"]
[Black "Capo Vidal, Uriel"]
[Result "1/2-1/2"]
[WhiteElo "2042"]
[BlackElo "2357"]
[PlyCount "105"]
[EventDate "2006.05.21"]
[EventType "team-swiss"]
[EventRounds "13"]
[EventCountry "ITA"]
[SourceTitle "CBM 113"]
[Source "ChessBase"]
[SourceDate "2006.07.31"]
[SourceVersion "1"]
[SourceVersionDate "2006.07.31"]
[SourceQuality "1"]
[WhiteTeam "Netherlands Antilles"]
[BlackTeam "Mexico"]
[WhiteTeamCountry "AHO"]
[BlackTeamCountry "MEX"]

1. e4 c5 2. Nf3 Nc6 3. d4 cxd4 4. Nxd4 Nf6 5. Nc3 e5 6. Ndb5 d6 7. Bg5 a6 8. Bxf6 gxf6 9. Na3 b5 10. Nd5 Bg7 11. Bd3 Be6 12. c3 f5 13. Nc2 Bxd5 14. exd5 Ne7 15. 0-0 0-0 16. Be2 Qc8 17. Qd2 f4 18. a4 bxa4 19. Rxa4 Qb7 20. c4 f5 21. b4 Kh8 22. Rd1 Rg8 23. Bf1 Bh6 24. c5 Rg6 25. c6 Qb6 26. Qe2 Nxd5 27. Rxa6 Rxa6 28. Qxa6 Qxa6 29. Bxa6 Nc7 30. b5 f3 31. g3 e4 32. Nb4 e3 33. b6 e2 34. Bxe2 fxe2 35. Re1 Bd2 36. Rxe2 Bxb4 37. Re8+ Nxe8 38. b7 Ba5 39. b8Q Re6 40. Qb2+ Ng7 41. Kg2 Bc7 42. Qb7 Ne8 43. Qc8 Re7 44. Qxf5 Kg7 45. h4 Nf6 46. g4 Rf7 47. f3 Kf8 48. Qe6 Kg7 49. g5 Ng8 50. h5 Re7 51. Qf5 Re5 52. Qd7+ Re7 53. Qf5 1/2-1/2

[Event "Olympiad-36"]
[Site "Mallorca"]
[Date "2004.10.24"]
[Round "9"]
[White "Maduro, Sherman"]
[Black "Zahiruddin, Asefi"]
[Result "0-1"]
[WhiteElo "2116"]
[BlackElo "2064"]
[PlyCount "104"]
[EventDate "2004.10.15"]
[EventType "team-swiss"]
[EventRounds "14"]
[EventCountry "ESP"]
[SourceTitle "CBM 104"]
[Source "ChessBase"]
[SourceDate "2005.01.27"]
[SourceVersion "1"]
[SourceVersionDate "2005.01.27"]
[SourceQuality "1"]
[WhiteTeam "Netherlands Antilles"]
[BlackTeam "Afghanistan"]
[WhiteTeamCountry "AHO"]
[BlackTeamCountry "AFG"]

1. e4 d6 2. d4 g6 3. Be3 Bg7 4. Nc3 Nf6 5. f3 0-0 6. Qd2 e5 7. d5 Ne8 8. g4 f5 9. gxf5 gxf5 10. exf5 Bxf5 11. 0-0-0 Nd7 12. Bg5 Nef6 13. Nge2 Nc5 14. Ng3 Bg6 15. Bg2 Qd7 16. h4 Nh5 17. Nxh5 Bxh5 18. Rdf1 a5 19. Bh6 Kh8 20. Bh3 Bxh6 21. Qxh6 Qf7 22. Ne4 Qf4+ 23. Qxf4 Rxf4 24. Nxc5 dxc5 25. Re1 Bxf3 26. Rhg1 e4 27. h5 Bxh5 28. Be6 Bg6 29. c4 Raf8 30. Kc2 e3+ 31. Kc3 Rf2 32. Rxe3 a4 33. Rc1 a3 34. b4 b6 35. bxc5 bxc5 36. Kb3 Rb2+ 37. Kxa3 Rff2 38. Ka4 Be8+ 39. Ka3 Rxa2+ 40. Kb3 Rfb2+ 41. Kc3 Bg6 42. Rg3 Rb4 43. Rxg6 hxg6 44. Kd3 Kg7 45. Rf1 Ra3+ 46. Kc2 Rxc4+ 47. Kb2 Ra7 48. Rf7+ Kh6 49. d6 Rb7+ 50. Ka3 Rcb4 51. Rxc7 R7b6 52. Rxc5 Rd4 0-1

[Event "Olympiad-35"]
[Site "Bled"]
[Date "2002.11.08"]
[Round "13.1"]
[White "Belouadah, Saad"]
[Black "Maduro, Sherman"]
[Result "1-0"]
[WhiteElo "2345"]
[BlackElo "2143"]
[PlyCount "81"]
[EventDate "2002.10.26"]
[EventType "team-swiss"]
[EventRounds "14"]
[EventCountry "SLO"]
[SourceTitle "EXT 2003"]
[Source "ChessBase"]
[SourceDate "2002.11.25"]
[SourceVersion "1"]
[SourceVersionDate "2002.11.25"]
[SourceQuality "1"]
[WhiteTeam "Algeria"]
[BlackTeam "Netherlands Antilles"]
[WhiteTeamCountry "ALG"]
[BlackTeamCountry "AHO"]

1. Nf3 Nf6 2. d4 g6 3. c4 Bg7 4. Nc3 0-0 5. Bf4 d6 6. h3 c6 7. e3 Qa5 8. Qd2 Nbd7 9. Be2 e5 10. Bg3 Ne8 11. a3 f5 12. b4 Qd8 13. 0-0 e4 14. Ne1 Qg5 15. Kh2 Qh6 16. f3 Ndf6 17. fxe4 fxe4 18. Nc2 Bf5 19. b5 Rd8 20. bxc6 bxc6 21. Nb4 Rc8 22. Rad1 Nh5 23. Bxh5 Qxh5 24. d5 cxd5 25. Qxd5+ Kh8 26. Nxe4 a5 27. Nc2 Nc7 28. Qb7 Ne6 29. Nd4 Bxe4 30. Qxe4 Nxd4 31. exd4 Rfe8 32. Qd3 d5 33. c5 Qe2 34. Rf7 Qxd3 35. Rxd3 Rf8 36. Ra7 Ra8 37. Rd7 Rad8 38. Rxd8 Rxd8 39. c6 a4 40. c7 Rc8 41. Rd1 1-0

[Event "Olympiad-35"]
[Site "Bled"]
[Date "2002.10.29"]
[Round "4.1"]
[White "Croes, Octavio"]
[Black "Maduro, Sherman"]
[Result "1/2-1/2"]
[WhiteElo "2099"]
[BlackElo "2143"]
[PlyCount "109"]
[EventDate "2002.10.26"]
[EventType "team-swiss"]
[EventRounds "14"]
[EventCountry "SLO"]
[SourceTitle "EXT 2003"]
[Source "ChessBase"]
[SourceDate "2002.11.25"]
[SourceVersion "1"]
[SourceVersionDate "2002.11.25"]
[SourceQuality "1"]
[WhiteTeam "Aruba"]
[BlackTeam "Netherlands Antilles"]
[WhiteTeamCountry "ARN"]
[BlackTeamCountry "AHO"]

1. d4 g6 2. c4 Nf6 3. Nc3 Bg7 4. g3 0-0 5. Bg2 d6 6. Nf3 c6 7. e4 Qc7 8. 0-0 e5 9. h3 Nh5 10. Be3 Na6 11. Rc1 Qe7 12. Re1 Bd7 13. Qe2 Nc7 14. d5 c5 15. a3 f5 16. exf5 gxf5 17. Ng5 Nf6 18. b4 b6 19. Rb1 Rab8 20. Rb3 h6 21. Nf3 Qf7 22. Reb1 Na6 23. bxc5 bxc5 24. Rxb8 Rxb8 25. Rxb8+ Nxb8 26. Qb2 Qe8 27. Qb7 a6 28. Qb6 Qf8 29. Nd2 Nh5 30. Bf3 Nxg3 31. fxg3 e4 32. Ncxe4 fxe4 33. Bxe4 Bxh3 34. Bf4 Nd7 35. Qxd6 Qxd6 36. Bxd6 Bc3 37. Nb3 Bg4 38. Kf2 Bd1 39. Nxc5 Bd4+ 40. Ke1 Bxc5 41. Bf4 Bb3 42. Bf5 Ba4 43. Bxh6 Bxa3 44. Be6+ Kh7 45. Be3 Ne5 46. Bf5+ Kg8 47. c5 Kf8 48. Bf4 Bd7 49. Bxd7 Nxd7 50. c6 Nb6 51. d6 Ke8 52. Ke2 Bb2 53. d7+ Nxd7 54. cxd7+ Kxd7 55. Kd3 1/2-1/2

[Event "Olympiad-34"]
[Site "Istanbul"]
[Date "2000.11.07"]
[Round "10.4"]
[White "Maduro, Sherman"]
[Black "Martinelli, Patrice"]
[Result "0-1"]
[WhiteElo "2230"]
[BlackElo "2027"]
[PlyCount "53"]
[EventDate "2000.10.28"]
[EventType "team-swiss"]
[EventRounds "14"]
[EventCountry "TUR"]
[SourceTitle "EXT 2001"]
[Source "ChessBase"]
[SourceDate "2000.11.22"]
[SourceVersion "1"]
[SourceVersionDate "2000.11.22"]
[SourceQuality "1"]
[WhiteTeam "Netherlands Antilles"]
[BlackTeam "Monaco"]
[WhiteTeamCountry "AHO"]
[BlackTeamCountry "MNC"]

1. e4 d5 2. exd5 Qxd5 3. d4 Nf6 4. c4 Qd6 5. Nc3 c6 6. Nf3 Bg4 7. Be2 e6 8. Bg5 Qb4 9. Qd3 Bf5 10. Qd2 Ne4 11. Nxe4 Bxe4 12. 0-0 Qxd2 13. Bxd2 Na6 14. a3 Be7 15. Bc3 Bf6 16. Nd2 Bf5 17. Bf3 0-0-0 18. Be4 Bxd4 19. Nf3 Bxc3 20. Bxf5 Bxb2 21. Ra2 Bf6 22. Bh3 Rd3 23. Rd2 Rxa3 24. Rfd1 Rc3 25. Nd4 Rd8 26. f3 Nc5 27. Kf1 0-1